रेत, शुन्य, हवा तथा एक भीनी गंध / (Record no. 114019)

MARC details
000 -LEADER
fixed length control field 01249nam a22002537a 4500
005 - DATE AND TIME OF LATEST TRANSACTION
control field 20170124103002.0
010 ## - LIBRARY OF CONGRESS CONTROL NUMBER
LC control number A-595029
020 ## - INTERNATIONAL STANDARD BOOK NUMBER
Terms of availability 115.00
035 ## - SYSTEM CONTROL NUMBER
System control number A-595029
037 ## - SOURCE OF ACQUISITION
Source of stock number/acquisition Cen Lib/Ret
040 ## - CATALOGING SOURCE
Original cataloging agency DPL
Language of cataloging HN
082 ## - DEWEY DECIMAL CLASSIFICATION NUMBER
Classification number
Item number पाण्डेय
100 ## - MAIN ENTRY--PERSONAL NAME
Personal name पाण्डेय, विनोद चन्द्र
9 (RLIN) 54881
245 ## - TITLE STATEMENT
Title रेत, शुन्य, हवा तथा एक भीनी गंध /
Statement of responsibility, etc विनोद चन्द्र पाण्डेय
246 ## - VARYING FORM OF TITLE
Title proper/short title Ret, shunya, hawa, tatha ek bhini gandh /
Remainder of title by Vinod Chandra Pandey
260 ## - PUBLICATION, DISTRIBUTION, ETC. (IMPRINT)
Place of publication, distribution, etc नई दिल्ली
Name of publisher, distributor, etc सिद्धार्थ पब्लिकेशन्स
Date of publication, distribution, etc 1990
270 ## - ADDRESS
Address 10, डी. एस. आई. डी. सी. स्कीम II, ओखला इंडस्ट्रियल एरिया फेज II
City नई दिल्ली
Postal code 110020
300 ## - PHYSICAL DESCRIPTION
Extent 166पृ.
Dimensions 21सेमी (सजिल्द)
650 ## - SUBJECT ADDED ENTRY--TOPICAL TERM
Topical term or geographic name as entry element हिन्दी साहित्य
9 (RLIN) 54882
650 ## - SUBJECT ADDED ENTRY--TOPICAL TERM
Topical term or geographic name as entry element हिन्दी साहित्य -- उपन्यास
9 (RLIN) 46379
650 ## - SUBJECT ADDED ENTRY--TOPICAL TERM
Topical term or geographic name as entry element Hindi literature
9 (RLIN) 54883
650 ## - SUBJECT ADDED ENTRY--TOPICAL TERM
Topical term or geographic name as entry element Hindi literature -- Fiction
9 (RLIN) 54884
942 ## - ADDED ENTRY ELEMENTS (KOHA)
Source of classification or shelving scheme Dewey Decimal Classification
Koha item type Hindi Books
Classification part
Call number suffix पाण्डेय
Holdings
Withdrawn status Lost status Damaged status Not for loan Home library Current library Date acquired Source of acquisition Cost, normal purchase price Total Checkouts Full call number Barcode Date last seen Copy number Cost, replacement price Price effective from Koha item type
        Central Library Central Library 14/08/2015 Cen Lib/Ret 115.00   उ पाण्डेय A-595029 14/08/2015 1 115.00 14/08/2015 Hindi Books

© Delhi Public Library
Hit Counter
free hit counter